000 00998nam a2200241 ca4500
001 000030301
003 RuMoIPM
005 20260414120451.0
008 230210u1987uuuuru ||||||| |||| ||rus d
035 _a(RuMoBEN) 002077213
035 _a(ELAR retro) [2022] 000151271
040 _aRuMoBEN
_brus
_ercr
041 0 _arus
_hger
044 _aru
080 _a51
100 1 _aКлейн, Феликс
245 1 0 _aЭлементарная математика с точки зрения высшей
_bВ 2 т.
_cФ. Клейн ; Пер. с нем. Д. А. Крыжановского ; Под ред. В. Г. Болтянского
260 _aМосква
_bНаука
_c1987-
500 _aПер. изд.: Elementarmathematik vom hěheren Standpunkte aus ersted Bandd. Felix Klein. 3te (Berlin, 1924)
700 1 _aКрыжановский, Дмитрий Антонович
_eпер.
700 1 _aБолтянский, Владимир Григорьевич
_eред.
942 _cBK
999 _c30301
_d30301